书目信息 |
| 题名: |
学术论文集
|
|
| 作者: | 华东师范大学图书馆 | |
| 分册: | 一 图书馆学、情报学分册 | |
| 出版信息: | 1987 |
|
| 页数: | 484页 | |
| 开本: | 21cm | |
| 丛书名: | ||
| 单 册: | ||
| 中图分类: | G250-53 | |
| 科图分类: | ||
| 主题词: | 图书馆学 , 图书馆事业 | |
| 电子资源: | ||
| ISBN: | ||
| 000 | 00676nam0 2200205 450 | |
| 001 | 0663389172 | |
| 005 | 20060810173749.76 | |
| 100 | @a20060810d1987 km y0chiy0120 ea | |
| 101 | 0 | @achi |
| 200 | 1 | @a学术论文集@e1979-1986@Axue shu lun wen ji@h一@i图书馆学、情报学分册@f华东师范大学图书馆@Fhua dong shi fan da xue tu shu guan |
| 210 | @d1987 | |
| 215 | @a484页@d21cm | |
| 517 | 1 | @a1979-1986 |
| 517 | 1 | @a图书馆学、情报学分册@Atu shu guan xue、qing bao xue fen ce |
| 606 | 0 | @a图书馆学 |
| 606 | 0 | @a图书馆事业 |
| 690 | @aG250-53@v3 | |
| 701 | 0 | @a华东师范大学图书馆@Ahua dong shi fan da xue tu shu guan |
| 801 | 0 | @aCN@bPFT@c20060810 |
| 905 | @a10447@dG250-53@e102:(1979-1986) | |
| 学术论文集:1979-1986.一.图书馆学、情报学分册/华东师范大学图书馆.-1987 |
| 484页;21cm |
| ISBN : |
| ● |
| 相关链接 |
|
|
|
|
正题名:学术论文集
索取号:G250-53/102:(1979-1986)
 
预约/预借
| 序号 | 登录号 | 条形码 | 馆藏地/架位号 | 状态 | 备注 |
| 1 | 0448538 | 204485388 | 密集书库/ [索取号:G250-53/102:(1979-1986)] | 在馆 |